24 Iconic Movie Phrases Quiz Stats

 Plays Quiz Updated Oct 2, 2014

Challenge
Share
Tweet
Score 0/24 Timer 06:00
0 Plays Today
% Correct
a box of chocolates
98%
ruby slippers
93.3%
a bigger boat
93.3%
an offer he can't refuse
91.5%
flux capacitor
91.2%
the king of the world
90%
the smell of napalm in the morning
86.8%
a nice chianti
83.6%
the blue pill
80%
the pod bay doors
76.7%
a Royale with cheese
71%
number one fan
63.8%
% Correct
the richest man in town
61.8%
ready for my close-up
59.4%
failure to communicate
57.8%
an excellent driver
52.6%
noisy cricket
51.6%
a hill of beans
41.4%
talking picture
36.4%
one-way ticket to Palookaville
35.4%
spam in a can
28.1%
chocolate-covered cotton
14.3%
the walls of Jericho
14%
geometric logic
12.3%

You're not logged in!

Compare scores with friends on all Sporcle quizzes.
Join for Free
OR
Log In

You Might Also Like...

Show Comments

Extras

Top Quizzes Today


Score Distribution

Your Account Isn't Verified!

In order to create a playlist on Sporcle, you need to verify the email address you used during registration. Go to your Sporcle Settings to finish the process.

Report this User

Report this user for behavior that violates our Community Guidelines.

Details: